Cinéma en images par lettres - B - Statistiques

Statistiques générales
  • Ce quiz a été pris 470 fois
    234 depuis la dernière actualisation
  • Le résultat moyen est 14 sur 24
Statistiques - réponses
Par images Hint Réponse % Correct
Film Brice de Nice
98%
Personnage James Bond
91%
Actrice Brigitte Bardot
90%
Acteur Jean-Paul Belmondo
87%
Film Bienvenue chez les Ch'tis
84%
Objet Bobine
77%
Acteur Bourvil
77%
Réalisateur Tim Burton
66%
Film Le Bon, la Brute et le Truand
65%
Composant d'un film Bruitage
63%
Acteur Christian Bale
60%
Festival Berlinales
58%
Classement Box-Office
58%
Composant d'un film Bande Originale
54%
Acteur Édouard Baer
54%
Actrice Cate Blanchett
48%
Film Ben-Hur
47%
Réalisateur Bong Joon-Ho
45%
Film Blade Runner
34%
Actrice Juliette Binoche
31%
Réalisateur Bertrand Blier
22%
Film Barry Lyndon
17%
Actrice Ingrid Bergman
17%
Compositeur Léonard Bernstein
10%
Aucun quiz correspondant
Distribution des résultats
% des personnes avec chaque résultat
Percentile par nombre de réponses
Votre historique - résultats
Vous n’avez pas pris ce quiz depuis la dernière actualisation